000 00241nam a22000857a 4500
008 160705b xxu||||| |||| 00| 0 eng d
100 _92271
_a Webster, N
245 _aWebster's Newschool & Office Dictionary
260 _aNew Delhi
_b The World
_c1959
999 _c1954
_d1954